书目信息 |
| 题名: |
饥饿的海
|
|
| 作者: | 格林劳 著 ;盛中超 译 | |
| 分册: | ||
| 出版信息: | 北京 东方出版社 2004.01 |
|
| 页数: | 275页 | |
| 开本: | 21cm | |
| 丛书名: | ||
| 单 册: | ||
| 中图分类: | I712.55 | |
| 科图分类: | ||
| 主题词: | 纪实文学--ji shi wen xue--美国--现代 | |
| 电子资源: | ||
| ISBN: | 7-5060-1763-6 | |
| 000 | 01209nam0 2200253 450 | |
| 001 | 012007745410 | |
| 005 | 20071008113219.84 | |
| 010 | @a7-5060-1763-6@dCNY20.00 | |
| 100 | @a20070801d2004 km y0chiy0120 ea | |
| 101 | 1 | @achi@ceng |
| 102 | @aCN@b110000 | |
| 105 | @aac z 000zd | |
| 200 | 1 | @a饥饿的海@Aji e de hai@d= The hungry ocean@e一个女人的自述:需要一颗多么强大的心脏才能统帅男人和大海@f(美) 琳达·格林劳著@F(Mei) Lin Da·Ge Lin Lao Zhu@g盛中超译@Gsheng zhong chao yi@zeng |
| 210 | @a北京@c东方出版社@d2004.01 | |
| 215 | @a275页@c图, 肖像@d21cm | |
| 330 | @a本书作者向我们展示了一次激动人心的捕箭鱼的惊险历程,除了要面对海洋上随时可能到来的狂风暴雨,作者及她的手下船员们更多是还要面对人性的风暴--种族主义、吸毒、背叛、莫明其妙的疾病与死亡等。 | |
| 500 | 10 | @aHungry ocean@mChinese |
| 517 | 1 | @a一个女人的自述:需要一颗多么强大的心脏才能统帅男人和大海@Ayi ge nu ren de zi shu:xu yao yi ke duo mo qiang da de xin zang cai neng tong shuai nan ren he da hai |
| 606 | 0 | @a纪实文学@Aji shi wen xue@y美国@z现代 |
| 690 | @aI712.55@v4 | |
| 701 | 1 | @a格林劳@Age lin lao@g(Greenlaw, Linda)@4著 |
| 702 | 0 | @a盛中超@Asheng zhong chao@4译 |
| 801 | 0 | @aCN@bQSSK@c20071008 |
| 905 | @aZUCC@dI712.55@eG276 | |
| 饥饿的海= The hungry ocean:一个女人的自述:需要一颗多么强大的心脏才能统帅男人和大海/(美) 琳达·格林劳著/盛中超译.-北京:东方出版社,2004.01 |
| 275页:图, 肖像;21cm |
| ISBN 7-5060-1763-6:CNY20.00 |
| 本书作者向我们展示了一次激动人心的捕箭鱼的惊险历程,除了要面对海洋上随时可能到来的狂风暴雨,作者及她的手下船员们更多是还要面对人性的风暴--种族主义、吸毒、背叛、莫明其妙的疾病与死亡等。 |
| ● |
| 相关链接 |
|
|
|
正题名:饥饿的海
索取号:I712.55/G276
 
预约/预借
| 序号 | 登录号 | 条形码 | 馆藏地/架位号 | 状态 | 备注 |
| 1 | 251575 | 202515750 | 文学库116/116文学库 29排6列5层/ [索取号:I712.55/G276] | 在馆 | |
| 2 | 251576 | 202515769 | 文学库116/116文学库 29排6列5层/ [索取号:I712.55/G276] | 在馆 | |
| 3 | 251577 | 202515778 | 社科二线400B/400B社科库 6排3列2层/ [索取号:I712.55/G276] | 在馆 |